Курс экономической теории. Разд. 3: Эволюция экономических систем (Запись № 7288248)

Подробности
000 -МАРКЕР
контрольное поле 01153nam2a22002411 4500
001 - ИДЕНТИФИКАТОР ЗАПИСИ
контрольное поле rc\101122
005 - ИДЕНТИФИКАТОР ВЕРСИИ
контрольное поле 20250620201005.0
035 ## - ДРУГИЕ СИСТЕМНЫЕ НОМЕРА
Идентификатор записи (NLR Aleph) 005402400
100 ## - ДАННЫЕ ОБЩЕЙ ОБРАБОТКИ
Данные общей обработки 20021216d1992 |||y0rusy50 ca
101 0# - ЯЗЫК РЕСУРСА
Язык текста, звукозаписи и т.д. русский
102 ## - СТРАНА ПУБЛИКАЦИИ ИЛИ ПРОИЗВОДСТВА
Страна публикации Российская Федерация
105 ## - ПОЛЕ КОДИРОВАННЫХ ДАННЫХ: ТЕКСТОВЫЕ МАТЕРИАЛЫ, МОНОГРАФИЧЕСКИЕ
Кодированные данные о монографическом текстовом документе y |||||||||
200 1# - ЗАГЛАВИЕ И СВЕДЕНИЯ ОБ ОТВЕТСТВЕННОСТИ
Основное заглавие Эволюция экономических систем
Первые сведения об ответственности [И.Н. Сохань и др.]
210 ## - ПУБЛИКАЦИЯ, РАСПРОСТРАНЕНИЕ И ДР.
Дата издания, распространения и т.д. 1992
Место издания, распространения и т.д. Б. м.
215 ## - ФИЗИЧЕСКАЯ ХАРАКТЕРИСТИКА
Специфическое обозначение материала и объем 65, [1] с.
461 #0 - УРОВЕНЬ НАБОРА
Встроенное поле 001rc\101119
-- 2001#$aКурс экономической теории$e[Учеб. пособие]$fМоск. авиац. ин-т им. Серго Орджоникидзе$g[Ю.А. Комарницкий и др.]$gПод ред. А.К. Сапора, Е.В. Лебедевой$vРазд. 3
Системный номер (АБИС) связанной записи 7986321
Место публикации М.
Дата публикации 1991-
Первые сведения об ответственности Моск. авиац. ин-т им. Серго Орджоникидзе
Имя издателя, распространителя и т.д. Изд-во МАИ
Сведения, относящиеся к заглавию [Учеб. пособие]
Заглавие Курс экономической теории
Номер тома Разд. 3
701 #1 - ИМЯ ЛИЦА - АЛЬТЕРНАТИВНАЯ ОТВЕТСТВЕННОСТЬ
Начальный элемент ввода Сохань
Часть имени, кроме начального элемента ввода И.Н.
Расширение инициалов личного имени Ираида Николаевна
801 #0 - ИСТОЧНИК ЗАПИСИ
Страна Российская Федерация
Организация NLR
Правила каталогизации psbo
801 #1 - ИСТОЧНИК ЗАПИСИ
Страна Российская Федерация
Организация ELAR
Источник данных rusmarc
852 ## - МЕСТОНАХОЖДЕНИЕ И ШИФР ХРАНЕНИЯ
Идентификатор организации NLR
Шифр хранения (Call Number) 91-4/7711
942 ## - ДОПОЛНИТЕЛЬНЫЕ ЭЛЕМЕНТЫ ЗАПИСИ (АБИС)
Тип экземпляра АБИС Книга
980 ## - КОЛЛЕКЦИЯ
Название коллекции Национальная библиография
Экземпляры
Тип экземпляра Дата поступления Библиотека постоянного хранения Библиотека текущего хранения Место хранения Шифр хранения Штрих-код Статус экземпляра
Книга 26.10.2013 РНБ (Московский) РНБ (Московский) Русский книжный фонд: издания с 1957 года 91-4/7711 5402400-10